Recursos de la tierra: origen, uso e impacto ambiental
I tiakina i:
| Ngā kaituhi matua: | , , |
|---|---|
| Hōputu: | Pukapuka |
| Reo: | Pāniora |
| I whakaputaina: |
Madrid
Pearson Educación
2007
|
| Putanga: | 3a. ed |
| Ngā marau: | |
| Ngā Tūtohu: |
Tāpirihia he Tūtohu
Kāore He Tūtohu, Me noho koe te mea tuatahi ki te tūtohu i tēnei pūkete!
|
MARC
| LEADER | 00000nam a2200000 a 4500 | ||
|---|---|---|---|
| 001 | UCI5894 | ||
| 003 | CL-VaPUC | ||
| 008 | 080411e20070000SP |||||||||||||||||spa|d | ||
| 020 | |a 9788420550329 | ||
| 082 | 0 | 4 | |a 636.1 |b CRA |2 21 |
| 100 | 0 | |a Craig, James R |e author |9 528516 | |
| 700 | 0 | |a Vaughan, David J |e author |9 528517 | |
| 700 | 0 | |a Skinner, Brian J |e author |9 528518 | |
| 245 | 1 | 0 | |a Recursos de la tierra: origen, uso e impacto ambiental |
| 250 | |a 3a. ed | ||
| 300 | |a 636 p | ||
| 942 | |c BK | ||
| 945 | |d 20080411 00:00:00 |a jtorresc | ||
| 260 | |a Madrid |b Pearson Educación |c 2007 | ||
| 650 | 0 | |a Recursos naturales |9 255232 | |
| 650 | 7 | |a RECURSOS MINERALES |2 CL-VaPUC |9 351120 | |
| 650 | 0 | |a Impacto ambiental |9 262796 | |
| 650 | 0 | |a Protección del medio ambiente |9 257626 | |
| 583 | |a last modification |c 20080411 00:00:00 |k Rodrigo Vera | ||
| 999 | |c 329536 |d 329534 | ||
| 952 | |0 0 |1 0 |2 ddc |4 0 |6 636_100000000000000_CRA_2007 |7 0 |8 A |9 414370 |a BIBING |b BIBING |c RES |d 2019-11-22 |i 4424271 |o 636.1 CRA 2007 |p 4424271 |r 2025-01-20 |w 2019-11-22 |y BK |k GEO | ||
| 952 | |0 0 |1 0 |2 ddc |4 0 |6 636_100000000000000_CRA_2007 |7 0 |8 A |9 414371 |a BIBING |b BIBING |c RES |d 2019-11-22 |i 4502701 |o 636.1 CRA 2007 |p 4502701 |r 2025-01-20 |w 2019-11-22 |y BK |k GEO | ||